000 00540nam a22001577a 4500
003 NUST
038 _aNusrat Nadeem
082 _a200
100 _aWusqa, Urwa Tul
_9130282
245 _aDetection of freezing of gait in Parkinson’s disease using attention mechanism and wearable inertial sensor/
_cUrwa Tul Waqas,
264 _aIslamabad,
_bSEECS NUST.
_c2025.
650 _aMS-Data Science
_9123017
700 _aSupervisor: Dr. Qaiser Riaz
_996872
856 _uhttp://10.250.8.41:8080/xmlui/handle/123456789/54132
942 _2ddc
_cSC
999 _c614511
_d614511